000 00407nam a2200181Ia 4500
001 9632
005 20260306161732.0
008 260306t1999||||xx |||||||||||||| ||spa||
041 _aESP
082 _a883.1
_bG25
100 _aGaribay K., Angel Ma.
_eAUT
245 0 _aMitologĂ­a griega texto impreso
260 _c1999
300 _a
_c
650 _aGEN
654 _aCHU
942 _cLIB
_dJUS
_fJUS
_2ddc
_n
999 _c9632
_d9632